000 00576nam a2200205Ia 4500
005 20240304130721.0
008 131103s9999 xx 000 0 und d
040 _aLoreto College
041 _aEnglish
082 _a371.1
_bPOS
100 _aPostman,Neil
245 _aTeaching as a subversive activity
_cNeil Postman and Chartes Weingartner
260 _aHarmondsworth
_bPenguin Books
_c1969
300 _a204 p.
650 _aSchools and their activities
651 _aTeachers and teaching
700 _aWeingartner,Charles,auth.
850 _aLCLIB
942 _cBK
999 _c9108
_d59587